000 00450nam a2200169Ia 4500
003 GCL
008 140319s9999 xx 000 0 eng d
040 _aGCL /
_cGCL
082 0 4 _a616.6
_bM U
100 1 _aMUNDY, A.R
245 1 0 _aURODYNOMICS : PRINCIPLES, PRACTICE AND APPLICATION /
_cMUNDY, A.R
700 1 _aSTEPHANSON, T.P
260 _a[S.N] :
_bCHURCHILL LIVINGSTONE ،
_c1994
300 _a542
650 0 4 _aURODYNAMICS
942 _2ddc
_cBK
999 _c10850
_d10850